000
00262nam a2200109Ia 4500
008
220204s9999 xx 000 0 und d
082
_a
82-3
_b
MAC
100
_a
MacInnes, Helen
245
0
_a
Message from Malaga
260
_a
Greenwich
_b
Fawcett
_c
1971
942
_c
BK
999
_c
31006
_d
31006